00323nam a22001097a 4500020001800000082001400018100002700032245005900059260004400118300000900162650004200171 a9781561343102 a005.2 HIG aHigginbotham,Timothy E aAn Activities Approach to Microsoft Works for Teachers aDubuquebBrown and Benchmark Publishers a458p acomputer Software , teacher education